Кинетика окисления наноразмерного порошка Al-Cu при нагреве в воздухе; Физика горения и взрыва; Т. 58, № 2
| Parent link: | Физика горения и взрыва Т. 58, № 2.— 2022.— [С. 38-48] |
|---|---|
| 主要作者: | |
| 企業作者: | |
| 其他作者: | , |
| 總結: | Заглавие с экрана Использование наноразмерных порошков металлов является перспективным направлением при разработке современных энергетических композиций, благодаря их высокой реакционной способности и интенсивному тепловыделению при контакте с окислителем и горении. Представлены результаты совмещенного ТГ-ДСК анализа нанопорошков алюминия Alex и соединения Al-Cu, полученных методом электрического взрыва проводников, при постоянных скоростях нагрева 2, 4, 20 °С/мин в воздухе в диапазоне температур 30 ? 1 300 °С. Установлено, что нанопорошки Alex и Al-Cu интенсивно окисляются при нагреве в воздухе до температуры 600 °С за счет диффузии окислителя через пористый оксидный слой Al2O3 и возможного образования открытых поверхностей активного металла при фазовом изменении кристаллической решетки оксида металла. Методами Фридмана и Киссинджера-Акахиры-Саноуза получены зависимости энергии активации окисления от степени конверсии (окисленности) наноразмерных порошков металлов. Показано, что энергия активации нанопорошков Alex и Al-Cu зависит от степени конверсии (стадий окисления) и находится в диапазоне 78 ? 307 и 99 ? 430 кДж/моль соответственно. Режим доступа: по договору с организацией-держателем ресурса |
| 語言: | 俄语 |
| 出版: |
2022
|
| 主題: | |
| 在線閱讀: | https://doi.org/10.15372/FGV20220204 |
| 格式: | MixedMaterials 電子 Book Chapter |
| KOHA link: | https://koha.lib.tpu.ru/cgi-bin/koha/opac-detail.pl?biblionumber=668465 |
MARC
| LEADER | 00000naa0a2200000 4500 | ||
|---|---|---|---|
| 001 | 668465 | ||
| 005 | 20250305162454.0 | ||
| 035 | |a (RuTPU)RU\TPU\network\39690 | ||
| 035 | |a RU\TPU\network\39688 | ||
| 090 | |a 668465 | ||
| 100 | |a 20221206d2022 k||y0rusy50 ca | ||
| 101 | 0 | |a rus | |
| 102 | |a RU | ||
| 135 | |a drcn ---uucaa | ||
| 181 | 0 | |a i | |
| 182 | 0 | |a b | |
| 200 | 1 | |a Кинетика окисления наноразмерного порошка Al-Cu при нагреве в воздухе |d Al–Cu Powder Oxidation Kinetics during Heating in Air |f А. Г. Коротких, А. Б. Годунов, И. В. Сорокин | |
| 203 | |a Текст |c электронный | ||
| 300 | |a Заглавие с экрана | ||
| 320 | |a [Библиогр.: 30 назв.] | ||
| 330 | |a Использование наноразмерных порошков металлов является перспективным направлением при разработке современных энергетических композиций, благодаря их высокой реакционной способности и интенсивному тепловыделению при контакте с окислителем и горении. Представлены результаты совмещенного ТГ-ДСК анализа нанопорошков алюминия Alex и соединения Al-Cu, полученных методом электрического взрыва проводников, при постоянных скоростях нагрева 2, 4, 20 °С/мин в воздухе в диапазоне температур 30 ? 1 300 °С. Установлено, что нанопорошки Alex и Al-Cu интенсивно окисляются при нагреве в воздухе до температуры 600 °С за счет диффузии окислителя через пористый оксидный слой Al2O3 и возможного образования открытых поверхностей активного металла при фазовом изменении кристаллической решетки оксида металла. Методами Фридмана и Киссинджера-Акахиры-Саноуза получены зависимости энергии активации окисления от степени конверсии (окисленности) наноразмерных порошков металлов. Показано, что энергия активации нанопорошков Alex и Al-Cu зависит от степени конверсии (стадий окисления) и находится в диапазоне 78 ? 307 и 99 ? 430 кДж/моль соответственно. | ||
| 333 | |a Режим доступа: по договору с организацией-держателем ресурса | ||
| 461 | |t Физика горения и взрыва | ||
| 463 | |t Т. 58, № 2 |v [С. 38-48] |d 2022 | ||
| 510 | 1 | |a Al–Cu Powder Oxidation Kinetics during Heating in Air |z eng | |
| 610 | 1 | |a электронный ресурс | |
| 610 | 1 | |a труды учёных ТПУ | |
| 610 | 1 | |a термический анализ | |
| 610 | 1 | |a температура | |
| 610 | 1 | |a окисление | |
| 610 | 1 | |a скорость | |
| 610 | 1 | |a нагрев | |
| 610 | 1 | |a алюминий | |
| 610 | 1 | |a медь | |
| 610 | 1 | |a нанопорошки | |
| 610 | 1 | |a оксиды металлов | |
| 610 | 1 | |a энергия активации | |
| 700 | 1 | |a Коротких |b А. Г. |c специалист в области энергетики |c профессор Томского политехнического университета, доктор физико-математических наук |f 1976- |g Александр Геннадьевич |3 (RuTPU)RU\TPU\pers\25614 |9 11543 | |
| 701 | 1 | |a Годунов |b А. Б. |g Александр Борисович | |
| 701 | 1 | |a Сорокин |b И. В. |c специалист в области теплоэнергетики |c инженер Томского политехнического университета |f 1992- |g Иван Викторович |3 (RuTPU)RU\TPU\pers\45458 | |
| 712 | 0 | 2 | |a Национальный исследовательский Томский политехнический университет |b Инженерная школа энергетики |b Научно-образовательный центр И. Н. Бутакова (НОЦ И. Н. Бутакова) |3 (RuTPU)RU\TPU\col\23504 |
| 801 | 0 | |a RU |b 63413507 |c 20221206 |g RCR | |
| 856 | 4 | |u https://doi.org/10.15372/FGV20220204 | |
| 942 | |c CF | ||